000 00596nam a2200241Ia 4500
003 OSt
005 20220924153803.0
006 a|||||r|||| 00| 0
007 ta
008 220923b |||||||| |||| 00| 0 kan d
024 _a351616
037 _cTextual
040 _aARTS
_cARTS
_bkan
041 _2kan
_akan
082 _aO33,1:g, L7
100 _aSivarudrappa Au.
_9229756
245 0 _aMahakavyaswarupa
260 _c1977
300 _a144p.
_ccm.
650 _aKANNAD LITERATURE
942 _hO33,1:g, L7
_cTEXL
_2CC
999 _c474776
_d474776